书目信息 |
| 题名: |
高等数学
|
|
| 作者: | 赵益坤 主编 | |
| 分册: | ||
| 出版信息: | 北京 北京邮电大学出版社 2008.08 |
|
| 页数: | 324页 | |
| 开本: | 23cm | |
| 丛书名: | ||
| 单 册: | ||
| 中图分类: | O13 | |
| 科图分类: | ||
| 主题词: | 高等数学--gao deng shu xue--高等学校--教材 | |
| 电子资源: | ||
| ISBN: | 978-7-5635-1747-3 | |
| 000 | 00825nam0 2200241 450 | |
| 001 | 012009311660 | |
| 005 | 20090623111255.70 | |
| 010 | @a978-7-5635-1747-3@dCNY33.00 | |
| 100 | @a20090623d2008 em y0chiy0120 ea | |
| 101 | 0 | @achi |
| 102 | @aCN@b110000 | |
| 105 | @aak z 000yy | |
| 106 | @ar | |
| 200 | 1 | @a高等数学@Agao deng shu xue@f赵益坤主编@Fzhao yi kun zhu bian |
| 210 | @a北京@c北京邮电大学出版社@d2008.08 | |
| 215 | @a324页@c图@d23cm | |
| 300 | @a高等职业教育十一五精品课程规划教材 | |
| 330 | @a本书总分为九章,内容包括:函数、极限与连续、导数与微分、导数的应用、不定积分、定积分及其应用、常微分方程、线性代数基本知识等。 | |
| 606 | 0 | @a高等数学@Agao deng shu xue@x高等学校@j教材 |
| 690 | @aO13@v4 | |
| 701 | 0 | @a赵益坤@Azhao yi kun@4主编 |
| 801 | 0 | @aCN@bQSSK@c20090623 |
| 905 | @b747038-40@dO13@eZ343@f3 | |
| 高等数学/赵益坤主编.-北京:北京邮电大学出版社,2008.08 |
| 324页:图;23cm |
| 高等职业教育十一五精品课程规划教材 |
| ISBN 978-7-5635-1747-3:CNY33.00 |
| 本书总分为九章,内容包括:函数、极限与连续、导数与微分、导数的应用、不定积分、定积分及其应用、常微分方程、线性代数基本知识等。 |
| ● |
| 相关链接 |
|
|
|
正题名:高等数学
索取号:O13/Z343
 
预约/预借
| 序号 | 登录号 | 条形码 | 馆藏地/架位号 | 状态 | 备注 |
| 1 | 747038 | 207470388 | 自科库401/401自科库 108排1列3层/ [索取号:O13/Z343] | 在馆 | |
| 2 | 747039 | 207470397 | 自科库401/401自科库 108排1列3层/ [索取号:O13/Z343] | 在馆 | |
| 3 | 747040 | 207470404 | 自科库401/401自科库 108排1列3层/ [索取号:O13/Z343] | 在馆 |